<?xml version="1.0" encoding="UTF-8"?>
<collection xmlns="http://www.loc.gov/MARC21/slim">
 <record>
  <leader>00697nam a2200217   4500</leader>
  <controlfield tag="001">000015346</controlfield>
  <controlfield tag="003">11723</controlfield>
  <controlfield tag="005">20150812150837.0</controlfield>
  <controlfield tag="008">120525s1994                           sd</controlfield>
  <datafield tag="245" ind1="0" ind2="0">
   <subfield code="a">Giáo trình quản lý hành chính nhà nước</subfield>
  </datafield>
  <datafield tag="250" ind1=" " ind2=" ">
   <subfield code="a">In lần thứ 2, có bổ xung, sữa chữa</subfield>
  </datafield>
  <datafield tag="260" ind1=" " ind2=" ">
   <subfield code="a">H</subfield>
   <subfield code="b">Nxb. Lao động</subfield>
   <subfield code="c">1994</subfield>
  </datafield>
  <datafield tag="774" ind1=" " ind2=" ">
   <subfield code="a">Học viện hành chính quốc gia</subfield>
   <subfield code="b">In lần 2 có bổ sung sửa chữa</subfield>
   <subfield code="d">H.</subfield>
   <subfield code="d">Lao động</subfield>
   <subfield code="d">1994</subfield>
   <subfield code="g">T.3</subfield>
   <subfield code="h">524tr</subfield>
   <subfield code="w">11721</subfield>
  </datafield>
  <datafield tag="OWN" ind1=" " ind2=" ">
   <subfield code="a">LSP</subfield>
  </datafield>
  <datafield tag="999" ind1=" " ind2=" ">
   <subfield code="a">From the UDN01</subfield>
  </datafield>
  <datafield tag="TYP" ind1=" " ind2=" ">
   <subfield code="a">Monograph</subfield>
  </datafield>
  <datafield tag="TYP" ind1=" " ind2=" ">
   <subfield code="a">Printed language</subfield>
  </datafield>
  <datafield tag="980" ind1=" " ind2=" ">
   <subfield code="a">Mạng thư viện Đại học Đà Nẵng</subfield>
  </datafield>
 </record>
</collection>
